[Event ""]
[Site ""]
[Date "????.??.??"]
[Round "2"]
[White "Êîëåñíèêîâ Ëåâ"]
[Black "Âûñîöêèé Àëåêñàíäð"]
[Result "0-1"]
[WhiteElo "1819"]
[BlackElo "2030"]
[Annotator ""]
[Source ""]
[Remark ""]

1.Nf3 d5 2.d4 Nf6 3.c4 e6 4.Nc3 Be7 5.Bg5 O-O 6.e3 h6 7.Bxf6
Bxf6 8.cxd5 exd5 9.Be2 Bf5 10.O-O c6 11.a3 a5 12.Qd2 Nd7 13.Rfc1
Be7 14.Bd3 Bxd3 15.Qxd3 Bd6 16.e4 dxe4 17.Nxe4 Nf6 18.Nxd6 Qxd6
19.Qf5 Rfd8 20.Qe5 Nd5 21.g3 Qf6 22.Kg2 Re8 23.Qxf6 Nxf6 24.Re1
Kf8 25.Ne5 Rad8 26.Nf3 Rd5 27.a4 Ne4 28.Re3 Nd6 29.b3 Nf5 30.Rxe8+
Kxe8 31.Re1+ Kf8 32.Re4 f6 33.g4 Nd6 34.Re2 Kf7 35.h4 Ne8 36.Kg3
Nc7 37.Re4 Ne6 38.Kg2 h5 39.gxh5 Rxh5 40.Kf1 Rf5 41.Ke2 Nf4+
42.Kd2 Nd5 43.Ng1 Rxf2+ 44.Ne2 Rf3 45.Nc1 Rf4 46.Kd3 Rf1 47.Kd2
g6 48.Ne2 Rf3 49.Nc1 f5 50.Re2 Rf4 51.Kd3 Rxh4 0-1

[Event ""]
[Site ""]
[Date "????.??.??"]
[Round "2"]
[White "Àíòîíîâ Èâàí"]
[Black "Àðáóçîâ Èâàí"]
[Result "0-1"]
[WhiteElo "2027"]
[BlackElo "1802"]
[Annotator ""]
[Source ""]
[Remark ""]

1.b3 e5 2.Bb2 d6 3.e3 Nf6 4.c4 c6 5.Nf3 Be7 6.Be2 O-O 7.O-O Ne8
8.d3 f5 9.Nbd2 Nc7 10.c5 dxc5 11.Nxe5 Ne6 12.f4 Qc7 13.Rc1 Nd7
14.Nef3 Nf6 15.Nc4 b5 16.Be5 Qd8 17.Bxf6 gxf6 18.Nb2 Bd7 19.Nh4
Nc7 20.Rf3 Rf7 21.Rg3+ Rg7 22.Rxg7+ Kxg7 23.Qe1 Kh8 24.Qg3 Qg8
25.Qh3 Qe6 26.e4 Qd6 27.Ng6+ Kg7 28.Nxe7 Qxe7 29.Qe3 fxe4 30.dxe4
Re8 31.Bh5 Rd8 32.f5 Bxf5 33.Re1 Bg6 34.Bxg6 hxg6 35.Nd3 Ne6
36.e5 f5 37.Nf2 Rd5 38.g4 f4 39.Qf3 Qd7 40.h4 Rd2 41.Ne4 Qd4+
42.Kh1 Rd3 43.Qf1 Re3 44.Nf6 Qxe5 45.Rxe3 Qxe3 46.g5 Nd4 47.h5
gxh5 48.Nxh5+ Kf7 49.g6+ Kxg6 50.Nxf4+ Kg5 51.Nh3+ Kh4 52.Nf4
Qf3+ 0-1

[Event ""]
[Site ""]
[Date "????.??.??"]
[Round "2"]
[White "Øìàðèíà Äàðüÿ"]
[Black "Ãëîäÿí Äìèòðèé"]
[Result "0-1"]
[WhiteElo "1757"]
[BlackElo "2020"]
[Annotator ""]
[Source ""]
[Remark ""]

1.e4 e6 2.d4 d5 3.e5 c5 4.c3 Nc6 5.Nf3 Qb6 6.a3 a5 7.Bd3 Nge7
8.O-O cxd4 9.cxd4 Nf5 10.Bxf5 exf5 11.Nc3 Be6 12.Qd3 a4 13.Bd2
Be7 14.Rab1 O-O 15.Nb5 Na7 16.Nxa7 Qxa7 17.Qb5 Qa6 18.Qxa6 Rxa6
19.Rfc1 Rc6 20.Rxc6 bxc6 21.b4 axb3 22.Rxb3 Ra8 23.Bb4 Bxb4 24.Rxb4
Bc8 25.h3 Kf8 26.Rb6 Be6 27.Rxc6 Rxa3 28.Kf1 h6 29.Rd6 Ke7 30.Ke2
g5 31.h4 Ra2+ 32.Kf1 g4 33.Ne1 Rd2 34.f4 Rxd4 35.g3 Rd2 36.Ng2
Rd3 37.Ke2 Rxg3 38.Ne3 Rf3 39.Nxd5+ Bxd5 40.Rxd5 Rxf4 0-1

[Event ""]
[Site ""]
[Date "????.??.??"]
[Round "2"]
[White "Ãâàíöåëàäçå Àííà"]
[Black "Áàëòèí Èëüäàð"]
[Result "1-0"]
[WhiteElo "2017"]
[BlackElo "1802"]
[Annotator ""]
[Source ""]
[Remark ""]

1.e4 d5 2.exd5 Qxd5 3.Nc3 Qa5 4.d4 Nf6 5.Nf3 Bf5 6.Ne5 c6 7.Bd3
Bg6 8.O-O e6 9.Re1 Qc7 10.f4 Be7 11.Qe2 Bxd3 12.Nxd3 g6 13.Kh1
h5 14.Ne5 O-O 15.Qd3 Kh7 16.Re3 Nbd7 17.Rg3 Nxe5 18.fxe5 Ng8
19.Be3 Nh6 20.Bxh6 Kxh6 21.Rf1 h4 22.Rg4 g5 23.Ne4 Qd8 1-0

[Event ""]
[Site ""]
[Date "????.??.??"]
[Round "2"]
[White "Ôèëîíåíêî Åëåíà"]
[Black "Çûçëîâà Ñîôèÿ"]
[Result "0-1"]
[WhiteElo "1559"]
[BlackElo "2012"]
[Annotator ""]
[Source ""]
[Remark ""]

1.e4 c5 2.Nf3 d6 3.d4 cxd4 4.Nxd4 Nf6 5.f3 g6 6.c4 Bg7 7.Be2
O-O 8.O-O Qb6 9.Kh1 Nxe4 10.fxe4 Qxd4 11.Qc2 Nc6 12.a3 Be6 13.Rd1
Qb6 14.Nc3 Nd4 15.Qd3 Nxe2 16.Qxe2 Rac8 17.Nd5 Bxd5 18.cxd5 Rc7
19.Rb1 Qb3 20.Be3 Rc2 21.Rd2 Rfc8 22.Qd1 Qc4 23.Qf3 Rxd2 24.Bxd2
Qc2 25.Rd1 Qxb2 26.Bg5 Qe5 27.Be3 Rc4 28.Rf1 Bf6 29.Bxa7 Qxe4
30.Qd1 Rc2 31.Rg1 Be5 32.Be3 Qh4 0-1

[Event ""]
[Site ""]
[Date "????.??.??"]
[Round "3"]
[White "Äîáðîâ Âëàäèìèð"]
[Black "Äåìèäîâ Àëåêñàíäð"]
[Result "1-0"]
[WhiteElo "2519"]
[BlackElo "2261"]
[Annotator ""]
[Source ""]
[Remark ""]

1.Nf3 d5 2.c4 e6 3.b3 b6 4.Bb2 Bb7 5.e3 Nf6 6.cxd5 exd5 7.Bb5+
c6 8.Be2 Nbd7 9.Qc2 Bd6 10.Nd4 Rc8 11.g4 O-O 12.Nf5 Ne8 13.Bxg7
Nxg7 14.Nxd6 Qf6 15.Nxc8 Qxa1 16.Nd6 Ba8 17.d4 c5 18.Nb5 cxd4
19.O-O d3 20.Bxd3 Qf6 21.Nd4 Ne5 22.Be2 Qh4 23.f4 Nxg4 24.Bxg4
Qxg4+ 25.Kh1 Rc8 26.Qb2 Qg6 27.Nd2 Qf6 28.Rg1 Re8 29.Qc3 Kh8
30.N2f3 Ne6 31.Ne5 Nxd4 32.Nxf7+ 1-0

[Event ""]
[Site ""]
[Date "????.??.??"]
[Round "3"]
[White "Ñàìîéëîâ Àíòîí"]
[Black "Çàáîòèí Àëåêñàíäð"]
[Result "0-1"]
[WhiteElo "2258"]
[BlackElo "2491"]
[Annotator ""]
[Source ""]
[Remark ""]

1.e4 c5 2.Nf3 d6 3.Bc4 Nc6 4.c3 Nf6 5.d3 Bg4 6.h3 Bh5 7.Bb3 e6
8.Nbd2 d5 9.Qe2 a6 10.O-O dxe4 11.dxe4 Nd7 12.Rd1 Qc7 13.Nf1
Bd6 14.Ne3 O-O-O 15.Nc4 Be7 16.g4 Bg6 17.a4 Nb6 18.Nfd2 h5 19.Nxb6+
Qxb6 20.Bc2 hxg4 21.hxg4 Ne5 22.Nc4 Rxd1+ 23.Bxd1 Nxc4 24.Qxc4
Qd6 25.Bf3 Rh3 26.Qe2 f6 27.Be3 Qc6 28.Bg2 Rh4 29.e5 Qc7 30.Bf4
f5 31.gxf5 Bxf5 32.Bg3 Rh8 33.b3 Qb6 34.Qc4 Rd8 35.b4 Rd3 36.a5
Qb5 37.Qxb5 axb5 38.a6 bxa6 39.Rxa6 Rxc3 40.Ra8+ Kc7 41.Ra7+
Kb6 42.Rb7+ Ka6 43.bxc5 Bxc5 44.Kh2 g5 45.f4 Rc2 0-1

[Event ""]
[Site ""]
[Date "????.??.??"]
[Round "3"]
[White "Ãóáàéäóëëèí Àëåêñåé"]
[Black "Êîáà Èãîðü"]
[Result "1-0"]
[WhiteElo "2441"]
[BlackElo "2242"]
[Annotator ""]
[Source ""]
[Remark ""]

1.Nf3 Nf6 2.c4 g6 3.b4 Bg7 4.Bb2 O-O 5.g3 d6 6.Bg2 e5 7.O-O Nc6
8.b5 Ne7 9.Nc3 Nd7 10.d3 f5 11.Nd2 Nc5 12.a4 a5 13.Nb3 Kh8 14.Ba3
Nxb3 15.Qxb3 c6 16.bxc6 bxc6 17.Rab1 Ra6 18.Qb8 c5 19.Bb7 Nc6
20.Qxc8 Qxc8 21.Bxc8 Rxc8 22.Rb7 Bf6 23.Rfb1 Nb4 24.Nb5 Kg8 25.h4
h5 26.Bc1 Rf8 27.Bh6 Rf7 28.Rb8+ Kh7 29.Rf8 Rd7 30.Bg5 Bxg5 31.hxg5
Kg7 32.Rf6 Rb6 33.Rd1 Rc6 34.Rd2 Kh7 35.e4 Kg7 36.f4 exf4 37.gxf4
Rf7 38.Nxd6 Rxf6 39.Ne8+ Kf7 40.Nxf6 Rb6 41.exf5 Nc6 42.fxg6+
Kxg6 43.Rf2 Nd4 44.Nd7 1-0

[Event ""]
[Site ""]
[Date "????.??.??"]
[Round "3"]
[White "Öàðóêÿí Ýëèñ"]
[Black "Áðàãèí Àëåêñàíäð"]
[Result "0-1"]
[WhiteElo "2246"]
[BlackElo "2396"]
[Annotator ""]
[Source ""]
[Remark ""]

1.c4 Nf6 2.Nc3 g6 3.d4 Bg7 4.e4 d6 5.Nf3 O-O 6.Be2 e5 7.dxe5
dxe5 8.Qxd8 Rxd8 9.Bg5 Nbd7 10.O-O-O Rf8 11.Ne1 Nc5 12.f3 Ne6
13.Be3 Re8 14.Nd3 Nd7 15.Rhe1 c6 16.Kb1 Bf8 17.a3 Nec5 18.Nxc5
Nxc5 19.b4 Ne6 20.Kb2 a5 21.b5 Nc5 22.Rd2 Be6 23.Red1 Be7 24.Nd5
cxd5 25.exd5 Na4+ 26.Kb3 Nc5+ 27.Ka2 Rac8 28.dxe6 Nxe6 29.Rd7
Bc5 30.Bd2 b6 31.Bc3 Bd4 32.Bxd4 Nxd4 33.Bf1 Ne6 34.R7d6 Rb8
35.Bd3 f5 36.g4 fxg4 37.fxg4 Nc5 38.Bc2 e4 39.h4 Kg7 40.h5 Re7
41.hxg6 hxg6 42.g5 Re5 43.Re1 Rxg5 44.Bxe4 Re8 45.Rxb6 Rxe4 46.Rxe4
Nxe4 47.Rb7+ Kf6 48.b6 Rg2+ 49.Kb1 Nd2+ 50.Kc1 Nxc4 51.Rc7 Rg1+
52.Kc2 Nxa3+ 53.Kb3 Rb1+ 54.Kxa3 Rxb6 55.Ka4 g5 56.Kxa5 Rb1 0-1

[Event ""]
[Site ""]
[Date "????.??.??"]
[Round "3"]
[White "Øêàëîâ Îëåã"]
[Black "Àëåøèí Îëåã"]
[Result "0-1"]
[WhiteElo "2222"]
[BlackElo "2374"]
[Annotator ""]
[Source ""]
[Remark ""]

1.d4 Nf6 2.c4 e6 3.Nc3 Bb4 4.a3 Bxc3+ 5.bxc3 c5 6.f3 Nc6 7.e3
b6 8.Bd3 Ba6 9.Qa4 Na5 10.dxc5 bxc5 11.e4 O-O 12.e5 Ne8 13.Bf4
Rb8 14.Ne2 Rb3 15.Nc1 Rb2 16.O-O Bb7 17.Rb1 Bc6 18.Qd1 Rxb1 19.Bxb1
f5 20.Be3 Nb7 21.Nd3 Qa5 22.Qb3 Nc7 23.Rf2 Na8 24.g4 Nb6 25.gxf5
Rxf5 26.Nxc5 Nxc5 27.Qb4 Qxb4 28.cxb4 Nxc4 29.Bxf5 Nxe3 30.Bb1
Na4 31.Bd3 Nb6 32.f4 g6 33.b5 Bd5 34.Rb2 Kf7 35.Rb4 Bc4 36.Be4
Ned5 37.Bxd5 Bxd5 38.Kf2 Ke7 39.Ke3 Kd8 40.Kd4 Kc7 41.Kc5 Nc8
42.f5 gxf5 43.Rh4 Ne7 44.Rxh7 Ng6 45.Kd4 Nf4 46.h4 Ne2+ 47.Ke3
Bc4 48.h5 f4+ 49.Kd2 Ng3 50.h6 Ne4+ 51.Kc2 Ng5 52.Rg7 f3 53.Rxg5
f2 54.h7 f1Q 55.h8Q Qd3+ 56.Kc1 Qe3+ 57.Kc2 Qxg5 58.a4 Qe3 59.b6+
Qxb6 0-1

[Event ""]
[Site ""]
[Date "????.??.??"]
[Round "3"]
[White "Çàñûïêèí Àëåêñåé"]
[Black "Ãðàíîâñêèé Àëåêñàíäð"]
[Result "1/2-1/2"]
[WhiteElo "2195"]
[BlackElo "2356"]
[Annotator ""]
[Source ""]
[Remark ""]

1.d4 d5 2.c4 e6 3.Nf3 Nf6 4.g3 dxc4 5.Bg2 Nc6 6.O-O Rb8 7.a4
a6 8.a5 Bb4 9.Na3 Bxa5 10.Nxc4 Bb4 11.Bg5 Be7 12.Re1 h6 13.Bf4
Bb4 14.Bd2 Be7 15.Bf4 Bb4 16.Bd2 Bxd2 17.Qxd2 O-O 18.e4 b6 19.Rad1
Bb7 20.d5 exd5 21.exd5 Ne7 22.d6 cxd6 23.Qxd6 Qxd6 24.Nxd6 Ng6
25.Nxb7 Rxb7 26.Rd6 Rfb8 27.Bf1 Ne8 28.Rc6 a5 29.h4 Re7 30.Rd1
Rc7 31.Rxc7 Nxc7 32.h5 Nf8 33.Ne5 Nce6 34.Bb5 Nc5 35.Nc6 Re8
36.Nxa5 Re5 37.Nc4 Re6 38.Ne3 Ne4 39.Bc4 Rd6 40.Nd5 Kh8 41.Ne3
Rxd1+ 42.Nxd1 Kg8 43.Ne3 Nf6 44.Nd5 Nxd5 45.Bxd5 Nd7 46.Kf1 Nf6
47.Bf3 Kf8 48.Ke2 Ke7 49.Kd3 Kd6 50.Bd1 g5 51.Kd4 Ke6 52.g4 Kd6
53.f3 Nd7 54.Bb3 Ne5 55.Ke4 f6 56.Ba2 Ke7 57.Bb3 Kd6 58.Bd1 Ke6
59.Be2 Kd6 60.Kf5 Ke7 61.Ke4 1/2-1/2

[Event ""]
[Site ""]
[Date "????.??.??"]
[Round "3"]
[White "Îêðóãèí Ñåðãåé"]
[Black "Ãîðäèåâñêèé Äìèòðèé"]
[Result "1/2-1/2"]
[WhiteElo "2354"]
[BlackElo "2201"]
[Annotator ""]
[Source ""]
[Remark ""]

1.e4 c5 2.Nf3 d6 3.c3 Nf6 4.Bd3 g6 5.O-O Bg7 6.Bc2 O-O 7.d4 cxd4
8.cxd4 Nc6 9.Nc3 Bg4 10.Be3 Nd7 11.Qd2 Bxf3 12.gxf3 Qa5 13.f4
Rac8 14.Rad1 Rfd8 15.Bb3 Qh5 16.Qe2 Qxe2 17.Nxe2 Na5 18.Rd3 Nb6
19.Bd1 d5 20.e5 f5 21.Bd2 Nc6 22.b3 e6 23.Bc1 Bf8 24.Rd2 a5 25.a3 1/2-1/2

[Event ""]
[Site ""]
[Date "????.??.??"]
[Round "3"]
[White "Òóìàêîâ Äìèòðèé"]
[Black "Ïîïåëûøåâ Èãîðü"]
[Result "1-0"]
[WhiteElo "2312"]
[BlackElo "2190"]
[Annotator ""]
[Source ""]
[Remark ""]

1.d4 d5 2.Nc3 g6 3.Bg5 Bg7 4.Qd2 Nc6 5.Nf3 Bg4 6.e3 Bxf3 7.gxf3
a6 8.O-O-O b5 9.Nxb5 f6 10.Qc3 Qd7 11.Bf4 Rc8 12.Na3 Nb8 13.e4
e6 14.exd5 exd5 15.Re1+ Ne7 16.Qc5 Kf7 17.h4 Rhe8 18.Bh3 f5 19.Be5
Qc6 20.Qa5 Qb6 21.Qd2 Nd7 22.Bxg7 Kxg7 23.h5 Ng8 24.hxg6 Rxe1+
25.Rxe1 hxg6 26.Nb1 Rb8 27.Qc3 Qd6 28.Bf1 Rb6 29.Nd2 Rc6 30.Qe3
Ndf6 31.Nb3 Nd7 32.c3 Ngf6 33.Qe7+ Qxe7 34.Rxe7+ Kf8 35.Re1 Nh5
36.Kc2 Nf4 37.Nc1 Nf6 38.Nd3 Nxd3 39.Kxd3 Kf7 40.Re5 Rd6 41.b4
a5 42.a4 Nd7 43.Re1 Nb6 44.Kc2 axb4 45.a5 Nc4 46.Bxc4 dxc4 47.cxb4
Rxd4 48.a6 Rd8 49.Kc3 Ra8 50.Ra1 Ke6 51.b5 Kd5 52.Kb4 c3 53.Rd1+
Ke6 54.Kc5 c2 55.Rc1 c6 56.Kxc6 Rc8+ 57.Kb7 Kd7 58.b6 1-0

[Event ""]
[Site ""]
[Date "????.??.??"]
[Round "3"]
[White "Áåëèêîâ Þðèé"]
[Black "Ñàäûêîâ Ðóñòåì"]
[Result "1/2-1/2"]
[WhiteElo "2290"]
[BlackElo "2121"]
[Annotator ""]
[Source ""]
[Remark ""]

1.Nf3 d5 2.g3 Nf6 3.Bg2 c6 4.O-O Bf5 5.d3 e6 6.Nbd2 Bd6 7.Re1
Bg4 8.c4 O-O 9.Rb1 a5 10.a3 Qe7 11.Qc2 Re8 12.Qc3 Na6 13.d4 Bf5
14.Ra1 Ne4 15.Nxe4 Bxe4 16.c5 Bc7 17.Be3 f6 18.b4 axb4 19.axb4
e5 20.Qb3 exd4 21.Bxd4 Be5 22.Qb2 Nc7 23.Rxa8 Nxa8 24.b5 cxb5
25.Bxe5 fxe5 26.Qxb5 Nc7 27.Qxb7 Qxc5 28.Qb2 Qd6 29.Rc1 d4 30.Ng5
Bxg2 31.Kxg2 Qd5+ 32.f3 Ne6 33.Ne4 Ra8 34.Ra1 Rxa1 35.Qxa1 h6
36.Qb1 Kf7 37.Nf2 Nc5 38.Qf5+ Ke7 39.h4 Qe6 40.Qc2 Qd5 41.Nd3
Nxd3 42.Qxd3 Kf7 43.Kf2 g6 44.h5 Qe6 45.hxg6+ Qxg6 46.Qb5 Qe6
47.Qb7+ Kg6 48.g4 Qf6 49.Qe4+ Kg5 50.Kg3 1/2-1/2

[Event ""]
[Site ""]
[Date "????.??.??"]
[Round "?"]
[White "Ðàêîâ Àíàòîëèé"]
[Black "Ñîêîëîâ Èãîðü"]
[Result "1-0"]
[WhiteElo "2074"]
[BlackElo "2281"]
[Annotator ""]
[Source ""]
[Remark ""]

1.d4 Nf6 2.Nf3 g6 3.Bf4 Bg7 4.c3 c5 5.e3 Qb6 6.Qb3 d5 7.dxc5
Qxc5 8.Bb5+ Nc6 9.h3 O-O 10.O-O a6 11.Bd3 Re8 12.Ne5 Nh5 13.Nxc6
bxc6 14.Bc7 e5 15.a4 Qe7 16.Qb6 e4 17.Be2 Qg5 18.Bxh5 Bxh3 19.Bg3
Be5 20.gxh3 Bxg3 21.Bg4 Bd6 22.Qd4 h5 23.f4 exf3 24.Rxf3 hxg4
25.Qxg4 Qe5 26.Qg2 Bc5 27.Na3 Bxe3+ 28.Kh1 Bh6 29.Raf1 Re7 30.Nc2
Qe2 31.R1f2 Qd1+ 32.Kh2 Bg7 33.h4 Rae8 34.h5 Re5 35.hxg6 Rh5+
36.Kg3 Rg5+ 37.Kh4 Rxg2 38.gxf7+ Kf8 39.fxe8Q+ Kxe8 40.Re3+ Kd8
41.Rxg2 Bf6+ 42.Kg3 Qh5 43.Kf2 Qd1 44.Kg3 c5 45.Re6 Qd3+ 46.Re3
Qf5 47.Ree2 d4 48.cxd4 cxd4 49.Nb4 Be5+ 50.Kh4 Qh7+ 51.Kg4 Qg7+
52.Kf5 Qf6+ 53.Ke4 Bd6 54.Nc6+ Kd7 55.Nxd4 1-0

[Event ""]
[Site ""]
[Date "????.??.??"]
[Round "3"]
[White "Êðàéíîâ Àëåêñåé"]
[Black "Ñìèðíîâ Àëåêñàíäð"]
[Result "0-1"]
[WhiteElo "2273"]
[BlackElo "2108"]
[Annotator ""]
[Source ""]
[Remark ""]

1.d4 e6 2.Nf3 f5 3.Nc3 Nf6 4.Bg5 Bb4 5.Qd3 O-O 6.e3 d5 7.a3 Be7
8.Be2 b6 9.O-O Nbd7 10.Nb5 a6 11.Nc3 Bb7 12.Na2 h6 13.Bf4 g5
14.Be5 Ne4 15.Qd1 Bf6 16.Bxf6 Qxf6 17.c4 dxc4 18.Bxc4 Kh8 19.Nc3
Nxc3 20.bxc3 g4 21.Ne1 e5 22.Qb3 f4 23.exf4 exd4 24.cxd4 Qxf4
25.Bd5 Bxd5 26.Qxd5 Rad8 27.Nd3 Qf5 28.Qc4 Nf6 29.Rad1 Nd5 30.Qc1
Rd6 31.Qd2 Nf4 32.Nxf4 Qxf4 33.Qc3 Rd5 34.Rd3 Rfd8 35.Rfd1 R8d7
36.g3 Qf6 37.Re1 Rxd4 38.Rxd4 Qxd4 39.Qb3 Kg7 40.Qe6 Rf7 41.Qe2
c5 42.Qc2 Qf6 43.Re4 h5 44.a4 Re7 45.Qe2 Rxe4 46.Qxe4 a5 47.Qb7+
Kh6 48.Qe4 Qf7 49.Qe3+ Kg6 50.Qe4+ Qf5 51.Qe8+ Qf7 52.Qc6+ Qf6
53.Qe8+ Kg5 54.Qe4 Qd6 55.h4+ Kf6 56.Kg2 Qe6 57.Qf4+ Ke7 58.Qc7+
Ke8 59.Qb8+ Kf7 60.Qc7+ Kg6 61.Qd8 Qc6+ 62.Kh2 Qf6 63.Qe8+ Kg7
64.Kg1 c4 65.Qxh5 c3 66.Qxg4+ Kh6 67.Qc4 Qf3 68.Qb3 Kh5 69.Qb5+
Kg4 70.Qd7+ Kh5 71.Qe8+ Kg4 72.Qe6+ Kh5 73.Qe5+ Kg4 74.Qe6+ Kh5
75.Qg8 Kh6 76.Qg5+ Kh7 77.h5 Qd1+ 78.Kh2 Qd3 79.g4 c2 80.Qe7+
Kg8 81.Qc7 Qd2 82.Qc8+ Kf7 83.Qc7+ Ke6 84.Qc8+ Ke5 85.Qe8+ Kf4
86.Qf7+ Ke4 87.Qe6+ Kf3 88.Qf5+ Qf4+ 0-1

[Event ""]
[Site ""]
[Date "????.??.??"]
[Round "3"]
[White "Øàðàôèåâ Àçàò"]
[Black "Òðîôèìîâ Âëàäèìèð"]
[Result "1-0"]
[WhiteElo "2418"]
[BlackElo "2141"]
[Annotator ""]
[Source ""]
[Remark ""]

1.e4 c5 2.Nf3 Nc6 3.Nc3 g6 4.d4 cxd4 5.Nxd4 Bg7 6.Be3 Nf6 7.Bc4
O-O 8.Bb3 a5 9.O-O a4 10.Nxa4 Nxe4 11.Nb5 Rxa4 12.Bxa4 Bxb2 13.Rb1
Bg7 14.Bb3 Qa5 15.Qd3 Nf6 16.Bd2 Qb6 17.Rfe1 Qc5 18.h3 d6 19.Be3
Qh5 20.Nd4 Bd7 21.Qe2 Nxd4 22.Bxd4 Qxe2 23.Rxe2 e6 24.c4 Bc6
25.Rd2 Rd8 26.f3 Kf8 27.Rbd1 Ke7 28.Be5 Ne8 29.Bxg7 Nxg7 30.Kf2
h5 31.g4 Rd7 32.f4 h4 33.Ke3 Ne8 34.Bc2 Nc7 35.Be4 Bxe4 36.Kxe4
f5+ 37.Kf3 Na6 38.gxf5 exf5 39.Re1+ Kf7 40.Rd5 Kf6 1-0

[Event ""]
[Site ""]
[Date "????.??.??"]
[Round "3"]
[White "Ëàâðèê Äìèòðèé"]
[Black "Íåôåäîâ Ñåðãåé"]
[Result "1-0"]
[WhiteElo "2387"]
[BlackElo "2170"]
[Annotator ""]
[Source ""]
[Remark ""]

1.d4 Nf6 2.Nf3 g6 3.c4 c5 4.g3 Bg7 5.Bg2 cxd4 6.Nxd4 Nc6 7.O-O
O-O 8.Nc3 Qb6 9.Nb3 d6 10.Be3 Qc7 11.Rc1 Be6 12.Nd5 Qd7 13.Bg5
Bxd5 14.cxd5 Ne5 15.f4 Neg4 16.Qd2 Qd8 17.e3 h6 18.Bh4 Qb6 19.Rce1
Nh7 20.h3 Ngf6 21.g4 Rfc8 22.Kh1 Qa6 23.e4 Rc7 24.e5 Ne8 25.e6
f6 26.Nd4 Rac8 27.f5 Nf8 28.Bf2 h5 29.gxh5 g5 30.a3 Bh6 31.Be3
Ng7 32.Bf3 Qa4 33.Rc1 Kh7 34.Bg4 Qe8 35.Rxc7 Rxc7 36.Rc1 Rxc1+
37.Qxc1 Nxh5 38.Qc7 Nf4 39.Qxb7 Bg7 40.Kh2 Qa4 41.Qb5 Qxb5 42.Nxb5
Nxd5 43.Bxa7 Nxe6 44.fxe6 Kg6 45.Nd4 f5 46.Nxf5 Bxb2 47.a4 Kf6
48.Bd4+ Bxd4 49.Nxd4 Nb4 50.Kg3 d5 51.Kf3 Ke5 52.Ke3 Kd6 53.Nf3 1-0

[Event ""]
[Site ""]
[Date "????.??.??"]
[Round "3"]
[White "Óðàåâ Èâàí"]
[Black "Ìèðçàíóðîâ Áóëàò"]
[Result "0-1"]
[WhiteElo "2150"]
[BlackElo "2321"]
[Annotator ""]
[Source ""]
[Remark ""]

1.e4 c5 2.Nf3 d6 3.d4 cxd4 4.Nxd4 Nf6 5.Nc3 a6 6.Be2 e5 7.Nb3
Be7 8.O-O O-O 9.a4 b6 10.f4 Bb7 11.Bf3 Nbd7 12.Qe2 Re8 13.Kh1
Rc8 14.f5 d5 15.exd5 e4 16.Nxe4 Nxe4 17.Qxe4 Bf6 18.Qf4 Rxc2
19.Be3 Ne5 20.Nd4 Nd3 21.Qg3 Rxb2 22.Bg1 Bxd5 23.Rad1 Be5 24.Qg4
h5 25.Qxh5 Nf4 26.Qg4 Rxg2 27.Bxg2 Bxg2+ 28.Qxg2 Nxg2 29.Kxg2
Qg5+ 30.Kh1 Rd8 31.Nf3 Rxd1 32.Rxd1 Qxf5 33.Kg2 Bf4 34.Rd8+ Kh7
35.Bd4 Qc2+ 36.Kh3 Qxa4 37.Kg4 Be3 38.Rd6 f6 39.Kf5 Qc2+ 0-1

[Event ""]
[Site ""]
[Date "????.??.??"]
[Round "3"]
[White "Îñîáëèâûé Ãðèãîðèé"]
[Black "Õðàìöîâà Åëåíà"]
[Result "1/2-1/2"]
[WhiteElo "2282"]
[BlackElo "2071"]
[Annotator ""]
[Source ""]
[Remark ""]

1.e4 c5 2.Nf3 Nc6 3.Bb5 Nd4 4.Nxd4 cxd4 5.O-O g6 6.d3 Bg7 7.c3
Qa5 8.Bc4 e6 9.Bf4 Ne7 10.Bd6 b5 11.Bb3 Qb6 12.Bg3 O-O 13.a4
d5 14.axb5 Qxb5 15.Bd6 Qd7 16.e5 dxc3 17.Nxc3 Rd8 18.Ba4 Qb7
19.Ra3 Nf5 20.Rb3 Qa6 21.Bc7 Bd7 22.Bxd8 Bxa4 23.Nxa4 Rxd8 24.Nc5
Qc6 25.d4 Bxe5 26.Nb7 Rd7 27.Na5 Bxh2+ 28.Kh1 Qc7 29.Rb7 Qc8
30.Rxd7 Qxd7 31.g4 Ne7 32.Kxh2 Qc7+ 33.Kg2 Qxa5 34.Qf3 Qd2 35.Qf6
Nc6 36.Rh1 Qxb2 37.Rxh7 Kxh7 38.Qxf7+ Kh6 39.Qf4+ Kg7 40.Qc7+
Kf6 41.Qf4+ Ke7 42.Qc7+ Kf8 43.Qxc6 Qxd4 44.Kg3 Qe5+ 45.Kg2 Qf4
46.Qa8+ Kg7 47.Qxa7+ Kh6 48.f3 d4 49.Qe7 Qd2+ 50.Kh3 1/2-1/2

[Event ""]
[Site ""]
[Date "????.??.??"]
[Round "3"]
[White "Óëÿøåâ Íèêîëàé"]
[Black "Êîíîâàëîâ Âÿ÷åñëàâ"]
[Result "0-1"]
[WhiteElo "1716"]
[BlackElo "2068"]
[Annotator ""]
[Source ""]
[Remark ""]

1.e4 e5 2.Bc4 Nc6 3.Nf3 Bc5 4.b4 d5 5.exd5 Nxb4 6.c3 Nxd5 7.Qb3
c6 8.Nxe5 Ngf6 9.d4 Be7 10.O-O O-O 11.a4 Qc7 12.Bg5 Bf5 13.Re1
Rad8 14.Ra2 Be6 15.Qc2 c5 16.Qe2 Qd6 17.Rb2 b6 18.Bb5 cxd4 19.cxd4
Rc8 20.Ba6 Rc7 21.Nc4 Rxc4 22.Bxc4 Ng4 23.Qf3 Qxh2+ 24.Kf1 Bxg5
25.Bxd5 Bxd5 26.Qxd5 Qh1+ 27.Ke2 Re8+ 28.Kf3 Qxe1 29.Qxg5 f5
30.Qf4 Nxf2 31.Rxf2 Qxb1 32.Kg3 g6 33.d5 Qd3+ 34.Qf3 Re3 0-1

[Event ""]
[Site ""]
[Date "????.??.??"]
[Round "3"]
[White "Ìàòâååâ Âëàäèìèð"]
[Black "Êàìîâ Èãîðü"]
[Result "0-1"]
[WhiteElo "2110"]
[BlackElo "2253"]
[Annotator ""]
[Source ""]
[Remark ""]

1.d4 Nf6 2.c4 c5 3.e3 g6 4.Nf3 Bg7 5.Nc3 O-O 6.Be2 cxd4 7.exd4
d5 8.O-O Nc6 9.Bg5 Ne4 10.cxd5 Nxg5 11.dxc6 Nxf3+ 12.Bxf3 bxc6
13.Qe2 Qb6 14.Rfd1 Ba6 15.Qe3 Rad8 16.Na4 Qb5 17.Nc5 e6 18.Rac1
Bc8 19.b3 a5 20.Na4 Rd6 21.Rc5 Qb4 22.a3 Qxa3 23.Bxc6 Bxd4 24.Rxd4
Qa1+ 25.Qc1 Qxd4 0-1

[Event ""]
[Site ""]
[Date "????.??.??"]
[Round "3"]
[White "Ïðîñâåòîâ Âàëåðèé"]
[Black "Ãàëèåâ Àçàò"]
[Result "0-1"]
[WhiteElo "2103"]
[BlackElo "2200"]
[Annotator ""]
[Source ""]
[Remark ""]

1.d4 g6 2.e4 Bg7 3.Nc3 d6 4.f4 Nd7 5.Nf3 e6 6.Be3 Ne7 7.Be2 O-O
8.Qd2 c6 9.O-O Qc7 10.Nd1 e5 11.c3 b6 12.Nf2 a5 13.fxe5 dxe5
14.Bh6 exd4 15.Bxg7 Kxg7 16.Qxd4+ f6 17.Nd3 c5 18.Qe3 Nc6 19.Nf4
Nde5 20.Nd5 Qa7 21.h3 Be6 22.Nf4 Qe7 23.Bb5 Rad8 24.b3 Rd6 25.Rad1
Rfd8 26.Be2 Bf7 27.Rxd6 Rxd6 28.Rd1 Rxd1+ 29.Bxd1 Qd6 30.Be2
a4 31.bxa4 Bxa2 32.Nd2 Bf7 33.Nf1 Bb3 34.Bb5 Qd1 35.Qd2 Bxa4
36.Qxd1 Bxd1 37.Ne3 Bb3 38.Nfd5 Na7 39.c4 Nxb5 40.cxb5 Nd7 0-1

[Event ""]
[Site ""]
[Date "????.??.??"]
[Round "3"]
[White "Ñåìåíåíêî Ñåðãåé"]
[Black "Ìûøêèí Íèêèòà"]
[Result "1-0"]
[WhiteElo "2173"]
[BlackElo "2050"]
[Annotator ""]
[Source ""]
[Remark ""]

1.d4 Nf6 2.c4 c6 3.Nf3 d5 4.Nc3 dxc4 5.a4 Bf5 6.Ne5 Nbd7 7.Nxc4
Nd5 8.f3 Nb4 9.e4 Be6 10.Be3 Bxc4 11.Bxc4 e6 12.O-O Be7 13.Qd2
O-O 14.Bb3 Qc7 15.Rac1 Rad8 16.Qe2 Qb8 17.Rfd1 Bd6 18.g3 Rfe8
19.f4 a6 20.Qf2 Rc8 21.e5 Bf8 22.f5 Nd5 23.fxe6 fxe6 24.Nxd5
exd5 25.Rf1 Be7 26.Qf7+ Kh8 27.Bc2 Nf8 28.Qh5 1-0

[Event ""]
[Site ""]
[Date "????.??.??"]
[Round "3"]
[White "Áóõàðèí Àíòîí"]
[Black "Àðàêåëîâ Èëüÿ"]
[Result "1/2-1/2"]
[WhiteElo "2033"]
[BlackElo "2369"]
[Annotator ""]
[Source ""]
[Remark ""]

1.e4 c5 2.c3 d5 3.exd5 Qxd5 4.d4 Nf6 5.Nf3 Bg4 6.Be2 e6 7.Na3
Nc6 8.Nb5 Rc8 9.Bf4 Qd8 10.dxc5 Bxc5 11.Bd6 Bb6 12.Ba3 Ne4 13.O-O
a6 14.Qa4 Bxf3 15.Bxf3 Nc5 16.Bxc5 Bxc5 17.Rad1 Qb6 18.Nd6+ Bxd6
19.Rxd6 O-O 20.Bxc6 Rxc6 21.Rd2 g6 22.Rfd1 Rcc8 23.Qh4 Kg7 24.h3
h6 25.c4 g5 26.Qe4 Rfd8 27.Rxd8 Rxd8 28.Rxd8 Qxd8 29.Qxb7 Qd1+
30.Kh2 Qc2 31.Qxa6 Qxf2 32.Qd6 f6 33.Qxe6 Qf4+ 34.Kg1 Qc1+ 35.Kf2
Qxb2+ 36.Qe2 Qd4+ 37.Ke1 Qc3+ 38.Kf2 Qd4+ 1/2-1/2

[Event ""]
[Site ""]
[Date "????.??.??"]
[Round "3"]
[White "Âûñîöêèé Àëåêñàíäð"]
[Black "Èëþøêèí Åâãåíèé"]
[Result "0-1"]
[WhiteElo "2030"]
[BlackElo "2351"]
[Annotator ""]
[Source ""]
[Remark ""]

1.e4 c5 2.c3 e6 3.d4 d5 4.e5 Nc6 5.Nf3 Qb6 6.a3 Bd7 7.b4 cxd4
8.cxd4 a6 9.Nc3 Qc7 10.Bb2 b5 11.Bd3 Nge7 12.O-O Nc8 13.Rc1 Nb6
14.Nd2 Nc4 15.Nxc4 bxc4 16.Bc2 Be7 17.f4 g6 18.Kh1 Qa7 19.Na4
Rb8 20.Bc3 a5 21.Nc5 O-O 22.Rb1 axb4 23.axb4 Bxc5 24.bxc5 Rxb1
25.Qxb1 Qa3 26.Qa1 Ra8 27.Kg1 Qxa1 28.Rxa1 Rxa1+ 29.Bxa1 Nb4
30.Bb1 Ba4 31.Kf2 Kf8 32.Bc3 Nc6 33.Ke3 Na7 34.Kd2 Nb5 35.g4
Ke7 36.g5 Na3 37.Kc1 Nb5 38.Kd2 Bb3 39.Bb2 Kd7 40.Bc3 Na3 41.Kc1
Kc6 42.Bb2 Nb5 43.Kd2 Kb7 44.Bc3 Ka6 45.Bb2 Nc7 46.Kc3 Kb5 47.Ba3
Bd1 48.Bb2 Ne8 49.Bc1 Nc7 50.Kd2 Bg4 51.Kc3 Bf5 52.Bxf5 exf5
53.Bd2 Ka4 54.Kc2 Nb5 55.Bc3 Ka3 56.h3 Ka4 57.Kb2 Nc7 58.Bd2
Ne6 59.Be3 Kb4 60.Bd2+ Kb5 61.Kc3 Ka4 62.Bc1 Nc7 63.Be3 Nb5+
64.Kc2 Ka3 65.Bf2 Kb4 66.Be1+ Ka4 67.Bc3 Ka3 68.h4 Ka4 69.Kb2
Nc7 70.Bd2 Ne6 71.Kc3 Kb5 72.Be3 Ka4 73.Bd2 Nc7 74.Kb2 Kb5 75.Kc3
Ne6 76.Be3 Ka5 77.Kc2 Ka4 78.Kb2 Kb5 79.Kc3 Nc7 80.Bd2 Ka5 81.Kc2+
Ka6 82.Kb2 Kb5 83.Kc3 Na6 84.Kc2 Nb8 85.Kc3 Nc6 86.Be3 Ka5 87.Kc2
Ka4 88.Kb2 Kb4 89.Bd2+ Kb5 90.Kc3 Ka4 91.Kb2 Nd8 92.Kc3 Ne6 93.Be3
Nc7 94.Kb2 Nb5 95.Kc2 Kb4 96.Bd2+ c3 97.Be3 Na7 98.Bg1 Kc4 99.Bf2
Nc6 100.Be3 Nb4+ 0-1

[Event ""]
[Site ""]
[Date "????.??.??"]
[Round "3"]
[White "Ìàñëîâ Ìèõàèë"]
[Black "Èãóäåñìàí Áîðèñ"]
[Result "1-0"]
[WhiteElo "2325"]
[BlackElo "2033"]
[Annotator ""]
[Source ""]
[Remark ""]

1.c4 Nf6 2.d4 c5 3.d5 e5 4.Nc3 d6 5.e4 Be7 6.h3 O-O 7.Be3 Ne8
8.Qd2 f5 9.exf5 Bxf5 10.Nge2 a6 11.Ng3 Bd7 12.Bd3 Qa5 13.a4 b5
14.cxb5 axb5 15.Nxb5 Qxd2+ 16.Bxd2 Nf6 17.O-O Na6 18.Bc4 g6 19.Bc3
Nb4 20.Bxb4 cxb4 21.f4 exf4 22.Rxf4 Rfc8 23.Re1 Bf8 24.b3 Bxb5
25.Bxb5 Kg7 26.Bc6 Ra5 27.Ref1 Nxd5 28.Rf7+ Kg8 29.Bd7 Rc7 30.Rxf8+ 1-0